000 00704nam a2200265Ia 4500
005 20260302113924.0
008 008 260114s9999 xx 000 0 eng d
020 _a9798881810979
037 _aTextbook
040 _aCRL
040 _beng
040 _cCRL
041 _2eng
041 _aeng
084 _qCRL
100 _aDeepshikha Shahi
_91068371
245 0 _aSufism A Theoretical Intervention in Global International Relations
260 _bBloomsbury
260 _bRowman & Littlefield
260 _c2020
650 _aPolitics
856 _uhttps://doi.org/10.5040/9798881810979?locatt=label:secondary_bloomsburyCollections
942 _cEBOOK
999 _c1680710
_d1680710